[Event "EIBCC 2019"]
[Site "Tallinn"]
[Date "2019.12.07"]
[Round "18.36"]
[White "D`Costa, Lorin"]
[Black "Sorensen, Hampus"]
[Result "1/2-1/2"]
[WhiteElo "2361"]
[BlackElo "2196"]
[Annotator "NA"]
[PlyCount "75"]
[EventDate "2019.12.06"]
[EventType "swiss"]
[EventCountry "EST"]
[SourceTitle "playchess.com"]
[Source "ChessBase"]
[SourceQuality "1"]

1. d4 d5 2. Bf4 Nf6 3. e3 c5 4. dxc5 Nc6 5. Bb5 Bg4 6. Nf3 Bxf3 7. gxf3 a6 8. Ba4 Qa5+ 9. Nc3 Qxc5 10. Qd2 e6 11. Rg1 g6 12. e4 dxe4 13. fxe4 Rd8 14. Qe3 Qb4 15. Bb3 Bc5 16. Qf3 Nd4 17. Qg2 Nb5 18. Bd2 Rxd2 19. Kxd2 Qd4+ 20. Ke2 Nxc3+ 21. bxc3 Qxc3 22. Rad1 O-O 23. Qf3 Qe5 24. Kf1 Rc8 25. Re1 Bb4 26. Re3 Nh5 27. Kg2 Bc5 28. Ree1 Rd8 29. Kh1 Nf4 30. Rg4 Nh5 31. c3 Bb6 32. Rd1 Rxd1+ 33. Bxd1 Bc7 34. Rg2 Nf4 35. Rg3 Nh5 36. Rg2 Nf4 37. Rg3 Nh5 38. Rg2 1/2-1/2

[Event "EIBCC 2019"]
[Site "Tallinn"]
[Date "2019.12.07"]
[Round "19.1"]
[White "Lysyj, Igor"]
[Black "Andriasian, Zaven"]
[Result "1/2-1/2"]
[WhiteElo "2600"]
[BlackElo "2766"]
[Annotator "TA"]
[PlyCount "62"]
[EventDate "2019.12.06"]
[EventType "swiss"]
[EventCountry "EST"]
[SourceTitle "playchess.com"]
[Source "ChessBase"]
[SourceQuality "1"]

1. d4 Nf6 2. c4 c6 3. Nf3 d5 4. g3 g6 5. Bg2 Bg7 6. b3 O-O 7. Bb2 Bf5 8. O-O Nbd7 9. Nbd2 Ne4 10. Nh4 Nxd2 11. Qxd2 Be6 12. cxd5 cxd5 13. Rfc1 Nb8 14. Nf3 Nc6 15. Ne5 Nxe5 16. dxe5 Qd7 17. Bd4 a6 18. Rc3 Rac8 19. Rac1 h5 20. e3 h4 21. gxh4 Rxc3 22. Rxc3 Bh3 23. Qe2 Bxg2 24. Kxg2 Qe6 25. f4 Rc8 26. Rxc8+ Qxc8 27. Kg3 Qc1 28. h5 gxh5 29. Qxh5 Qg1+ 30. Kh3 Qf1+ 31. Kg3 Qg1+ 1/2-1/2

[Event "EIBCC 2019"]
[Site "Tallinn"]
[Date "2019.12.07"]
[Round "19.2"]
[White "Sanal, Vahap"]
[Black "Guseinov, Gadir"]
[Result "1/2-1/2"]
[WhiteElo "2563"]
[BlackElo "2593"]
[Annotator "ChessBase"]
[PlyCount "78"]
[EventDate "2019.12.06"]
[EventType "swiss"]
[EventCountry "EST"]
[SourceTitle "playchess.com"]
[Source "ChessBase"]
[SourceQuality "1"]

1. e4 c5 2. Nc3 g6 3. h4 h5 4. Nf3 Bg7 5. d4 cxd4 6. Nxd4 Nc6 7. Be3 Nf6 8. f3 d5 9. Bb5 Bd7 10. exd5 Nxd4 11. Bxd7+ Qxd7 12. Qxd4 O-O 13. Qd2 b5 14. a3 a5 15. Rd1 b4 16. axb4 axb4 17. Ne2 Rfd8 18. Nf4 Qf5 19. O-O e5 20. Nd3 Nxd5 21. Bf2 b3 22. Qe2 bxc2 23. Qxc2 Nf4 24. Nb4 Qxc2 25. Nxc2 Rdb8 26. b4 Ra2 27. Rd2 e4 28. Bg3 e3 29. Bxf4 exd2 30. Bxb8 Rxc2 31. Bf4 Bd4+ 32. Kh1 Bb2 33. Rg1 Rc4 34. g3 Bd4 35. Rd1 Bc3 36. b5 Rb4 37. Bxd2 Rd4 38. b6 Bxd2 39. b7 Rb4 1/2-1/2

[Event "EIBCC 2019"]
[Site "Tallinn"]
[Date "2019.12.07"]
[Round "19.3"]
[White "Demidov, Mikhail"]
[Black "Turov, Maxim"]
[Result "1/2-1/2"]
[WhiteElo "2631"]
[BlackElo "2535"]
[Annotator "ChessBase"]
[PlyCount "123"]
[EventDate "2019.12.06"]
[EventType "swiss"]
[EventCountry "EST"]
[SourceTitle "playchess.com"]
[Source "ChessBase"]
[SourceQuality "1"]

1. d4 Nf6 2. Bg5 e6 3. Nf3 h6 4. Bf4 c5 5. c3 d5 6. e3 Bd6 7. Bxd6 Qxd6 8. Nbd2 O-O 9. Be2 Nc6 10. O-O e5 11. dxe5 Nxe5 12. Nxe5 Qxe5 13. Nf3 Qe7 14. Qc2 Bg4 15. Rad1 Rfd8 16. Rfe1 Rac8 17. Qa4 a6 18. h3 Bf5 19. Qf4 Be4 20. Qe5 Kf8 21. Qg3 Qc7 22. Qxc7 Rxc7 23. Rd2 Ke7 24. Red1 Rcd7 25. Ne5 Rd6 26. Nd3 Bxd3 27. Rxd3 Rb6 28. b3 Rbd6 29. Bf3 b6 30. Kf1 Ke6 31. Ke2 R6d7 32. g3 Rd6 33. Bg2 Ne4 34. Rc1 f5 35. h4 Nf6 36. Bf3 g6 37. Rdd1 R6d7 38. Rc2 Rd6 39. Rb1 Rc8 40. c4 d4 41. exd4 Rxd4 42. Bb7 Rcd8 43. Bxa6 Ne4 44. Rbc1 g5 45. hxg5 hxg5 46. Bb7 Ke5 47. Bxe4 Rxe4+ 48. Kf3 Rd3+ 49. Kg2 f4 50. gxf4+ Kxf4 51. Rh1 Red4 52. Rh6 Rd2 53. Rxd2 Rxd2 54. Rf6+ Ke5 55. Rxb6 Rxa2 56. Rc6 Kd4 57. Kg3 Rb2 58. Rb6 Kc3 59. f3 Rxb3 60. Rg6 Kxc4 61. Rxg5 Kb4 62. Rg8 1/2-1/2

[Event "EIBCC 2019"]
[Site "Tallinn"]
[Date "2019.12.07"]
[Round "19.5"]
[White "Stupak, Kirill"]
[Black "Mamedov, Rauf"]
[Result "1-0"]
[WhiteElo "2459"]
[BlackElo "2670"]
[Annotator "RC"]
[PlyCount "93"]
[EventDate "2019.12.06"]
[EventType "swiss"]
[EventCountry "EST"]
[SourceTitle "playchess.com"]
[Source "ChessBase"]
[SourceQuality "1"]

1. d4 d5 2. Nf3 Nf6 3. c4 e6 4. Bg5 h6 5. Bh4 c6 6. e3 Nbd7 7. Nc3 g5 8. Bg3 Nh5 9. Be5 Ng7 10. Bg3 Nf5 11. Be5 Rg8 12. Bg3 h5 13. cxd5 cxd5 14. Nb5 Nxg3 15. hxg3 Nf6 16. Ne5 Bb4+ 17. Nc3 Kf8 18. Be2 h4 19. gxh4 gxh4 20. Kf1 Bxc3 21. bxc3 Ne4 22. Bf3 Nd6 23. Qc2 Rg7 24. c4 dxc4 25. Nxc4 Nxc4 26. Qxc4 Bd7 27. Kg1 Rc8 28. Qb4+ Kg8 29. Qxb7 Rc7 30. Qe4 Bc6 31. Qf4 Bxf3 32. Qxf3 Rc2 33. Qe4 Qg5 34. Rxh4 Rc8 35. Rh2 Qa5 36. Qh4 Kf8 37. Qh8+ Rg8 38. Qh6+ Ke8 39. Rh5 Qc3 40. Rf1 Qd3 41. Rg5 Rf8 42. Rc5 Rxc5 43. dxc5 Qd5 44. Qf4 Qxc5 45. Rb1 Kd7 46. Rb7+ Kc8 47. Qb8# 1-0

[Event "EIBCC 2019"]
[Site "Tallinn"]
[Date "2019.12.07"]
[Round "19.6"]
[White "Sargissian, Gabriel"]
[Black "Usmanov, Vasily"]
[Result "1/2-1/2"]
[WhiteElo "2676"]
[BlackElo "2495"]
[Annotator "ChessBase"]
[PlyCount "158"]
[EventDate "2019.12.06"]
[EventType "swiss"]
[EventCountry "EST"]
[SourceTitle "playchess.com"]
[Source "ChessBase"]
[SourceQuality "1"]

1. d4 Nf6 2. c4 e6 3. Nf3 a6 4. Nc3 d5 5. c5 b6 6. cxb6 cxb6 7. Bf4 Nc6 8. e3 Bb7 9. Bd3 Be7 10. h3 O-O 11. O-O Nh5 12. Bh2 f5 13. Ne5 Nf6 14. Rc1 Rc8 15. Ne2 Nxe5 16. Bxe5 Rxc1 17. Qxc1 Bd6 18. Qd2 Qb8 19. Bxd6 Qxd6 20. Rc1 Rc8 21. Rxc8+ Bxc8 22. Qc1 Bb7 23. a3 Kf7 24. Bb1 Qc6 25. Qd2 a5 26. Nf4 Ba6 27. Bd3 Bxd3 28. Nxd3 Nd7 29. Qd1 g6 30. h4 h6 31. f3 Qc7 32. Qa4 Ke7 33. Qd1 Qg3 34. Nf4 Kd6 35. b4 axb4 36. axb4 b5 37. Qa1 Nb6 38. Kf1 Qxh4 39. Qa7 Qh1+ 40. Kf2 Qh4+ 41. Ke2 Qd8 42. Nxg6 Qc7 43. Qxc7+ Kxc7 44. Ne5 Nc8 45. Nd3 Na7 46. Kd2 Nc6 47. Kc3 Kd6 48. Nf4 Ke7 49. Nd3 Kf6 50. Nf4 Ke7 51. Ne2 Kf6 52. Kb3 Kg5 53. g3 Kf6 54. Nc3 Na7 55. Kc2 Kg5 56. Kd2 h5 57. Ne2 Nc6 58. Kc3 h4 59. gxh4+ Kxh4 60. Nf4 Nd8 61. Kd2 Kg5 62. Ke2 Kf6 63. Nd3 Nc6 64. Kf2 Kg5 65. Kg3 Kg6 66. Kh4 Kh6 67. Kg3 Kg5 68. Kf2 Kg6 69. Kg3 Kg5 70. Kf2 Kg6 71. Nf4+ Kf6 72. Nd3 Kg6 73. Ke2 Kg5 74. Kd2 Kh4 75. Nf4 Nd8 76. Ke2 Kg5 77. Kf2 Kf6 78. Nd3 Nc6 79. Ke2 Kg5 1/2-1/2

[Event "EIBCC 2019"]
[Site "Tallinn"]
[Date "2019.12.07"]
[Round "19.7"]
[White "Schneider, Ilja"]
[Black "Motylev, Alexander"]
[Result "0-1"]
[WhiteElo "2483"]
[BlackElo "2629"]
[Annotator "ChessBase"]
[PlyCount "106"]
[EventDate "2019.12.06"]
[EventType "swiss"]
[EventCountry "EST"]
[SourceTitle "playchess.com"]
[Source "ChessBase"]
[SourceQuality "1"]

1. d4 d5 2. c4 e6 3. Nf3 Nf6 4. g3 Bb4+ 5. Bd2 Be7 6. Bg2 O-O 7. O-O Nbd7 8. Qc2 c6 9. Bf4 dxc4 10. Qxc4 Nd5 11. Nc3 Nxf4 12. gxf4 Nb6 13. Qb3 Nd5 14. e3 Kh8 15. Kh1 Rb8 16. Rac1 Bd7 17. Ne4 Be8 18. Nc5 Bd6 19. Ne5 Qe7 20. Ne4 Bc7 21. Qa3 Qxa3 22. bxa3 f6 23. Nd3 Bg6 24. Ndc5 Rfe8 25. Rb1 Bb6 26. Nd7 Rbd8 27. Nxb6 axb6 28. Rb3 Ra8 29. Nd6 Red8 30. Nxb7 Rd7 31. Bxd5 cxd5 32. Rxb6 Rb8 33. Nc5 Rxb6 34. Nxd7 Rb2 35. Nc5 Bf5 36. Ra1 Rxf2 37. a4 Bg4 38. Rb1 h5 39. a3 Bf3+ 40. Kg1 Rg2+ 41. Kf1 Rxh2 42. Rb8+ Kh7 43. a5 h4 44. Nxe6 h3 45. Nf8+ Kh6 46. Ne6 Ra2 47. f5 Kh5 48. Nf4+ Kg4 49. Nxh3 Kxh3 50. Rb3 Kg3 51. Ke1 Re2+ 52. Kf1 Rd2 53. Rb1 Rh2 0-1

[Event "EIBCC 2019"]
[Site "Tallinn"]
[Date "2019.12.07"]
[Round "19.8"]
[White "Galopoulos, Nikolaos"]
[Black "Esipenko, Andrey"]
[Result "0-1"]
[WhiteElo "2429"]
[BlackElo "2582"]
[Annotator "ChessBase"]
[PlyCount "120"]
[EventDate "2019.12.06"]
[EventType "swiss"]
[EventCountry "EST"]
[SourceTitle "playchess.com"]
[Source "ChessBase"]
[SourceQuality "1"]

1. d4 Nf6 2. c4 e6 3. Nc3 Bb4 4. Qc2 d5 5. cxd5 Qxd5 6. Nf3 Qf5 7. Qb3 Nc6 8. g3 Qd5 9. Qxd5 exd5 10. Bf4 Ba5 11. Bg2 Ne4 12. Rc1 Be6 13. O-O O-O 14. Rfd1 Rfd8 15. Ng5 Nxg5 16. Bxg5 Rd7 17. e4 Bxc3 18. bxc3 dxe4 19. Bxe4 Bxa2 20. Rd2 Bd5 21. Bf5 Be6 22. Be4 Na5 23. Rb2 c6 24. Rcb1 h6 25. Be3 Re8 26. Bd3 b5 27. Ra1 Nc4 28. Bxc4 Bxc4 29. Kg2 g5 30. g4 Kg7 31. Kg3 Kg6 32. h4 Bd5 33. Ra6 Re4 34. Rxb5 f6 35. Rba5 Be6 36. hxg5 hxg5 37. Rxc6 Bxg4 38. Raa6 Rf7 39. d5 Be2 40. Kh3 Bxa6 41. Rxa6 Rd7 42. d6 Rc4 43. Bxa7 Rxc3+ 44. Kg2 Rc4 45. Bb8 Kf5 46. Bc7 Ke6 47. Ra3 Rh7 48. Re3+ Kd7 49. Rf3 Rf7 50. Rg3 g4 51. Ra3 f5 52. Kg3 Rg7 53. Ra7 f4+ 54. Kg2 Ke6 55. Ra8 Rc2 56. Re8+ Kd7 57. Rf8 g3 58. Rxf4 gxf2+ 59. Kh3 Rc3+ 60. Kh2 Rc4 0-1

[Event "EIBCC 2019"]
[Site "Tallinn"]
[Date "2019.12.07"]
[Round "19.9"]
[White "Saric, Ante"]
[Black "Aleksandrov, Aleksej"]
[Result "0-1"]
[WhiteElo "2577"]
[BlackElo "2416"]
[Annotator "TA"]
[PlyCount "108"]
[EventDate "2019.12.06"]
[EventType "swiss"]
[EventCountry "EST"]
[SourceTitle "playchess.com"]
[Source "ChessBase"]
[SourceQuality "1"]

1. Nf3 Nf6 2. c4 e6 3. g3 d5 4. Bg2 dxc4 5. Qa4+ Nbd7 6. Qxc4 c5 7. d3 Bd6 8. a4 O-O 9. Qb3 Nd5 10. Bd2 b6 11. Na3 Bb7 12. Nc4 Be7 13. O-O Rb8 14. e4 Nb4 15. Bf4 Ra8 16. Rfe1 Nb8 17. Bxb8 Rxb8 18. Rad1 Nc6 19. Qc3 Qc7 20. b3 Rfd8 21. Na3 Rbc8 22. Nc2 Bf6 23. e5 Be7 24. Ne3 Rd7 25. Nc4 Rcd8 26. h4 Nb4 27. Nb2 h6 28. Nh2 Nc6 29. Nf3 a6 30. Nc4 Nb4 31. a5 b5 32. Nb2 Qxa5 33. Rd2 Qb6 34. Red1 Nc6 35. Rc1 Nd4 36. Nxd4 Rxd4 37. Ra1 Bxg2 38. Kxg2 Qc7 39. Re2 Qb7+ 40. f3 Rc8 41. Qa5 Rc6 42. Rc1 Qd7 43. Ra1 Rd5 44. Qc3 Qc7 45. h5 Qd7 46. g4 Bd8 47. f4 Bc7 48. Rf1 Rd4 49. Qc1 Qd5+ 50. Kg3 Qxb3 51. Rf3 Qd5 52. Qe1 c4 53. dxc4 bxc4 54. Nd1 Rxd1 0-1

[Event "EIBCC 2019"]
[Site "Tallinn"]
[Date "2019.12.07"]
[Round "19.10"]
[White "Kulaots, Kaido"]
[Black "Kukk, Sander"]
[Result "1/2-1/2"]
[WhiteElo "2562"]
[BlackElo "2312"]
[Annotator "ChessBase"]
[PlyCount "122"]
[EventDate "2019.12.06"]
[EventType "swiss"]
[EventCountry "EST"]
[SourceTitle "playchess.com"]
[Source "ChessBase"]
[SourceQuality "1"]

1. e4 g6 2. d4 Bg7 3. Nf3 d6 4. c3 Nf6 5. Bd3 O-O 6. O-O Re8 7. h3 e5 8. Re1 Nc6 9. d5 Ne7 10. c4 Rf8 11. Nc3 Ne8 12. Bd2 f5 13. b4 Nf6 14. Ng5 Re8 15. c5 fxe4 16. Ngxe4 dxc5 17. bxc5 Nexd5 18. Nxd5 Nxd5 19. Bg5 Qd7 20. Bc4 c6 21. Nd6 Rf8 22. Bxd5+ cxd5 23. Qxd5+ Qe6 24. Qe4 Rb8 25. a4 Bd7 26. a5 Bc6 27. Qe3 a6 28. Rad1 Qa2 29. f3 Qxa5 30. Qb3+ Kh8 31. Nf7+ Rxf7 32. Qxf7 Qxc5+ 33. Kh1 e4 34. Bf6 Qf8 35. Bxg7+ Qxg7 36. Qxg7+ Kxg7 37. fxe4 Kf6 38. e5+ Ke7 39. Kg1 a5 40. Kf2 a4 41. Rb1 Rd8 42. Ke3 Bxg2 43. h4 Bc6 44. h5 gxh5 45. Rg1 Ke6 46. Rg7 Kxe5 47. Rxh7 Rf8 48. Rxh5+ Kd6 49. Kd3 Rf3+ 50. Kc4 Rf4+ 51. Kc3 Kc7 52. Rg5 Kb8 53. Rh5 Ka7 54. Ra5+ Kb8 55. Rg5 Rf7 56. Re5 Kc7 57. Rg5 Re7 58. Rg4 b5 59. Kb4 Kb6 60. Rc1 Re6 61. Rf4 Rd6 1/2-1/2

[Event "EIBCC 2019"]
[Site "Tallinn"]
[Date "2019.12.07"]
[Round "19.11"]
[White "Kanep, Meelis"]
[Black "Lintchevski, Daniil"]
[Result "1/2-1/2"]
[WhiteElo "2280"]
[BlackElo "2553"]
[Annotator "ChessBase"]
[PlyCount "167"]
[EventDate "2019.12.06"]
[EventType "swiss"]
[EventCountry "EST"]
[SourceTitle "playchess.com"]
[Source "ChessBase"]
[SourceQuality "1"]

1. d4 d5 2. c4 dxc4 3. Nf3 a6 4. e3 Nf6 5. Bxc4 e6 6. Nbd2 c5 7. dxc5 Bxc5 8. O-O O-O 9. Nb3 Bb6 10. Bd2 Nc6 11. Qe2 Qe7 12. Rfd1 e5 13. Bc3 e4 14. Nfd2 Ne5 15. h3 Bf5 16. Bd4 Bxd4 17. Nxd4 Bg6 18. Bb3 Nd3 19. Nf1 Rfd8 20. Ng3 Qe5 21. Rd2 h5 22. f4 exf3 23. Qxf3 h4 24. Ngf5 Bxf5 25. Nxf5 Nxb2 26. Nd4 Rac8 27. Rxb2 Rc3 28. Re2 a5 29. Rf1 a4 30. Bxa4 Rxd4 31. exd4 Qxd4+ 32. Qf2 Qxa4 33. Re7 Rc2 34. Qf3 Rb2 35. Rxb7 Rxb7 36. Qxb7 Qxa2 37. Qc8+ Kh7 38. Qf5+ Kg8 39. Qc8+ Kh7 40. Qf5+ Kg8 41. Qg5 Qa7+ 42. Kh1 Qd4 43. Qf4 Qd3 44. Qb8+ Kh7 45. Qb1 Qxb1 46. Rxb1 g5 47. Kh2 Kg6 48. Rb6 Kf5 49. Kg1 Nd5 50. Rb5 Ke4 51. Rb7 f6 52. Ra7 Nf4 53. Ra4+ Kf5 54. Ra5+ Ke4 55. Ra4+ Kf5 56. Kf2 Ng6 57. Ra5+ Ke4 58. Ra6 Kf5 59. Rb6 Ne5 60. Rb5 Kf4 61. Rb6 Kf5 62. Ra6 Nd3+ 63. Ke3 Nf4 64. Ra5+ Kg6 65. Kf3 Ne6 66. Ra4 Kf5 67. g3 hxg3 68. Kxg3 Nf4 69. Ra5+ Kg6 70. Kg4 Nd3 71. Kg3 Nf4 72. h4 Ne6 73. Ra6 Ng7 74. Kg4 gxh4 75. Kxh4 Nf5+ 76. Kg4 Ng7 77. Kf4 Nh5+ 78. Ke4 Ng7 79. Kd5 Kf5 80. Ra1 Nh5 81. Rf1+ Kg5 82. Ke6 Nf4+ 83. Rxf4 Kxf4 84. Kxf6 1/2-1/2

[Event "EIBCC 2019"]
[Site "Tallinn"]
[Date "2019.12.07"]
[Round "19.12"]
[White "Gretarsson, Helgi Ass"]
[Black "Lazavik, Denis"]
[Result "1-0"]
[WhiteElo "2523"]
[BlackElo "2222"]
[Annotator "TA"]
[PlyCount "115"]
[EventDate "2019.12.06"]
[EventType "swiss"]
[EventCountry "EST"]
[SourceTitle "playchess.com"]
[Source "ChessBase"]
[SourceQuality "1"]

1. d4 d5 2. Nf3 Nf6 3. g3 c6 4. Bg2 Bf5 5. O-O e6 6. c4 Nbd7 7. Qb3 Qb6 8. Nc3 h6 9. c5 Qa6 10. Bf4 Be7 11. Nd2 b6 12. cxb6 axb6 13. e4 dxe4 14. Ndxe4 Nxe4 15. Nxe4 O-O 16. Rfc1 Rfc8 17. a4 b5 18. a5 Bxe4 19. Bxe4 Nf6 20. Bd3 Nd5 21. Bd2 Qa7 22. Bc3 Bf6 23. Qd1 b4 24. Be1 Bxd4 25. Qe2 Nf6 26. a6 c5 27. Rc2 Rab8 28. Bc4 Nd7 29. Qe4 Ne5 30. Be2 b3 31. Rd2 Nd7 32. Bc4 Nf6 33. Qf3 Rb6 34. Ra3 Rcb8 35. Re2 e5 36. Kg2 e4 37. Qf5 Re8 38. Ra4 Qa8 39. Kh3 Qa7 40. Kg2 g6 41. Qxg6+ Kf8 42. Qxh6+ Ke7 43. Qg5 Rg8 44. Qf5 Qa8 45. a7 Kd8 46. Bd2 e3+ 47. f3 exd2 48. Rxd2 Rd6 49. Bxf7 Rg7 50. Raxd4 cxd4 51. Rxd4 Rxd4 52. Qxf6+ Kc7 53. Qxg7 Rd2+ 54. Kh3 Qxa7 55. Bxb3+ Kb6 56. Qh6+ Kb5 57. Qxd2 Qh7+ 58. Kg2 1-0

[Event "EIBCC 2019"]
[Site "Tallinn"]
[Date "2019.12.07"]
[Round "19.13"]
[White "Ruck, Robert"]
[Black "Kozak, Adam"]
[Result "1/2-1/2"]
[WhiteElo "2541"]
[BlackElo "2385"]
[Annotator "ChessBase"]
[PlyCount "55"]
[EventDate "2019.12.06"]
[EventType "swiss"]
[EventCountry "EST"]
[SourceTitle "playchess.com"]
[Source "ChessBase"]
[SourceQuality "1"]

1. Nf3 Nf6 2. c4 e6 3. Nc3 b6 4. g3 Bb7 5. Bg2 Be7 6. O-O O-O 7. Re1 Ne4 8. Nxe4 Bxe4 9. d3 Bb7 10. e4 c5 11. d4 cxd4 12. Nxd4 Nc6 13. b3 Bb4 14. Bd2 Bc5 15. Be3 Nxd4 16. Bxd4 Qc7 17. Qd2 Rfd8 18. Rad1 Bf8 19. Qb2 d6 20. Re2 Bc6 21. Red2 a6 22. Be3 Qb7 23. Qb1 f5 24. f3 fxe4 25. fxe4 Re8 26. Bf4 e5 27. Be3 b5 28. Rc1 1/2-1/2

[Event "EIBCC 2019"]
[Site "Tallinn"]
[Date "2019.12.07"]
[Round "19.14"]
[White "Sebenik, Matej"]
[Black "Seeman, Tarvo"]
[Result "0-1"]
[WhiteElo "2457"]
[BlackElo "2358"]
[Annotator "ChessBase"]
[PlyCount "126"]
[EventDate "2019.12.06"]
[EventType "swiss"]
[EventCountry "EST"]
[SourceTitle "playchess.com"]
[Source "ChessBase"]
[SourceQuality "1"]

1. Nf3 Nf6 2. c4 g6 3. g3 Bg7 4. Bg2 O-O 5. O-O Nc6 6. d4 d6 7. Nc3 e5 8. dxe5 Nxe5 9. b3 c6 10. Bb2 Nxf3+ 11. Bxf3 Bh3 12. Re1 h5 13. Qd2 Qe7 14. Rad1 Rad8 15. Qf4 Ng4 16. Na4 Be5 17. Qc1 Qf6 18. Bxe5 Nxe5 19. Bh1 Ng4 20. Qf4 Qxf4 21. gxf4 Nf6 22. Nc3 Rfe8 23. Bg2 Bxg2 24. Kxg2 Kf8 25. h3 Ne4 26. Nxe4 Rxe4 27. Kf3 f5 28. e3 Kf7 29. Rd2 d5 30. Red1 Ke6 31. cxd5+ Rxd5 32. Rxd5 cxd5 33. Rg1 Kf7 34. Rc1 Re7 35. Rc8 Rd7 36. Ke2 d4 37. exd4 Rxd4 38. Rc7+ Kf6 39. Rxb7 a5 40. Rb6+ Kg7 41. Ra6 Rd5 42. Ke3 h4 43. Rb6 Rc5 44. Kd3 Rd5+ 45. Kc3 Rc5+ 46. Kd3 Rd5+ 47. Ke3 Rc5 48. f3 Rc3+ 49. Kd4 Rxf3 50. a4 Rxh3 51. b4 axb4 52. a5 Ra3 53. a6 h3 54. Rxb4 Rxa6 55. Rb7+ Kh6 56. Rb3 Kh5 57. Rxh3+ Kg4 58. Rh1 Kxf4 59. Rf1+ Kg5 60. Rg1+ Kf6 61. Ke3 Ra3+ 62. Kd4 g5 63. Rb1 g4 0-1

[Event "EIBCC 2019"]
[Site "Tallinn"]
[Date "2019.12.07"]
[Round "19.15"]
[White "Shapiro, Viktor"]
[Black "Nguyen, Thai Dai Van"]
[Result "1/2-1/2"]
[WhiteElo "2267"]
[BlackElo "2419"]
[Annotator "NA"]
[PlyCount "121"]
[EventDate "2019.12.06"]
[EventType "swiss"]
[EventCountry "EST"]
[SourceTitle "playchess.com"]
[Source "ChessBase"]
[SourceQuality "1"]

1. Nf3 d5 2. g3 g6 3. Bg2 Bg7 4. O-O e5 5. d3 Nc6 6. c4 dxc4 7. dxc4 Qxd1 8. Rxd1 e4 9. Nfd2 f5 10. Nc3 Be6 11. f3 exf3 12. Bxf3 O-O-O 13. Bd5 Bxd5 14. Nxd5 Nf6 15. Nf3 Nxd5 16. Rxd5 Rxd5 17. cxd5 Nb4 18. Bd2 Nxd5 19. Rb1 Re8 20. Kf2 Nf6 21. Bf4 Ne4+ 22. Kf1 c5 23. a4 a6 24. b3 b5 25. Rc1 Kb7 26. e3 Rc8 27. Ke2 bxa4 28. bxa4 Nc3+ 29. Kd3 c4+ 30. Kc2 Nxa4 31. Rb1+ Kc6 32. Ne5+ Bxe5 33. Bxe5 Nb6 34. Bd4 Nd5 35. Ra1 Kb5 36. Rb1+ Kc6 37. Ra1 Kd7 38. Ra4 Rc6 39. h3 Ke6 40. g4 fxg4 41. hxg4 h5 42. gxh5 gxh5 43. e4 Nf6 44. Ra5 Nxe4 45. Re5+ Kd6 46. Rxe4 Kd5 47. Rh4 Rg6 48. Be3 Rg2+ 49. Bd2 Kc6 50. Rxh5 Rg3 51. Bc3 Rf3 52. Ra5 Kb6 53. Re5 Kc6 54. Kb2 Kb6 55. Rh5 Kc6 56. Rh6+ Kb5 57. Rh5+ Kc6 58. Kc2 Rd3 59. Rf5 Rh3 60. Kb2 Rd3 61. Kc2 1/2-1/2

[Event "EIBCC 2019"]
[Site "Tallinn"]
[Date "2019.12.07"]
[Round "19.16"]
[White "Shubin, Kirill"]
[Black "Vlassow, Valentin"]
[Result "1-0"]
[WhiteElo "2401"]
[BlackElo "2265"]
[Annotator "NA"]
[PlyCount "92"]
[EventDate "2019.12.06"]
[EventType "swiss"]
[EventCountry "EST"]
[SourceTitle "playchess.com"]
[Source "ChessBase"]
[SourceQuality "1"]

1. e4 g6 2. d4 Bg7 3. Nc3 c5 4. Be3 cxd4 5. Bxd4 Nf6 6. h3 Nc6 7. Be3 O-O 8. Nf3 d5 9. exd5 Nb4 10. Bc4 Bf5 11. Bb3 Ne4 12. Bd4 Nf6 13. a3 Na6 14. O-O Nc7 15. Be5 Rc8 16. Re1 a6 17. a4 Na8 18. d6 exd6 19. Qxd6 Qxd6 20. Bxd6 Rfd8 21. Be7 Rd7 22. Ng5 h6 23. Nxf7 Kh7 24. Nd6 Rc6 25. Nxf5 gxf5 26. Be6 Rd2 27. Bxf5+ Kg8 28. Rad1 Rxd1 29. Rxd1 Nb6 30. Bg6 Nfd5 31. Nxd5 Rxg6 32. Nxb6 Rxb6 33. b3 Re6 34. Bb4 Re2 35. Rd2 Re4 36. c4 b5 37. axb5 axb5 38. Rc2 bxc4 39. bxc4 Be5 40. g3 h5 41. h4 Bd4 42. Kg2 Ba7 43. Ba3 Kf7 44. c5 Ra4 45. Bc1 Ke6 46. c6 Kd5 1-0

[Event "EIBCC 2019"]
[Site "Tallinn"]
[Date "2019.12.07"]
[Round "19.17"]
[White "Zelbel, Patrick"]
[Black "Postny, Evgeny"]
[Result "0-1"]
[WhiteElo "2425"]
[BlackElo "2661"]
[Annotator "ChessBase"]
[PlyCount "90"]
[EventDate "2019.12.06"]
[EventType "swiss"]
[EventCountry "EST"]
[SourceTitle "playchess.com"]
[Source "ChessBase"]
[SourceQuality "1"]

1. e4 c6 2. Nc3 d5 3. Nf3 Bg4 4. h3 Bxf3 5. Qxf3 e6 6. Be2 g6 7. h4 h5 8. d4 Bg7 9. Bg5 Qb6 10. O-O-O Nd7 11. Rhe1 Ngf6 12. Bf1 O-O 13. e5 Nh7 14. g4 Nxg5 15. hxg5 hxg4 16. Qxg4 Rfc8 17. Re3 Nf8 18. Na4 Qa5 19. Nc5 Qc7 20. Kb1 b6 21. Na6 Qe7 22. c4 dxc4 23. Bxc4 Rd8 24. Red3 Qb7 25. Nb4 a5 26. Nc2 b5 27. Ne3 bxc4 28. Nxc4 Qb5 29. Nd6 Rxd6 30. exd6 Rd8 31. Qf4 Qd5 32. Rc3 e5 33. Qc1 exd4 34. Rxc6 Rxd6 35. Rc8 Rd8 36. Ka1 Ne6 37. Rc4 d3 38. f4 Rb8 39. Rc8+ Rxc8 40. Qxc8+ Bf8 41. Qc3 Nxf4 42. Rf1 Qe4 43. Qf6 d2 44. Rd1 Qc2 45. Rb1 d1=R 0-1

[Event "EIBCC 2019"]
[Site "Tallinn"]
[Date "2019.12.07"]
[Round "19.18"]
[White "Riazantsev, Alexander"]
[Black "Volodin, Aleksandr"]
[Result "1-0"]
[WhiteElo "2635"]
[BlackElo "2401"]
[Annotator "ChessBase"]
[PlyCount "71"]
[EventDate "2019.12.06"]
[EventType "swiss"]
[EventCountry "EST"]
[SourceTitle "playchess.com"]
[Source "ChessBase"]
[SourceQuality "1"]

1. d4 Nf6 2. c4 c5 3. d5 b5 4. cxb5 a6 5. bxa6 g6 6. Nc3 Bxa6 7. e4 Bxf1 8. Kxf1 d6 9. g3 Bg7 10. Kg2 O-O 11. Nf3 Nbd7 12. a4 Ra6 13. Qe2 Qa8 14. Bg5 Rb8 15. Ra2 h6 16. Bf4 Ng4 17. Rha1 Rb4 18. Ne1 Nge5 19. Nc2 Rb3 20. Na3 f5 21. Nab5 Qb7 22. exf5 gxf5 23. Qh5 e6 24. Rd1 exd5 25. Nxd5 Rxb5 26. axb5 Rxa2 27. Qxf5 Nb6 28. Qe6+ Kh7 29. Qxd6 Nxd5 30. Rxd5 Nc4 31. Qc6 Qf7 32. Rd7 Qg6 33. b3 Na5 34. Qxg6+ Kxg6 35. Ra7 Ra1 36. b6 1-0

[Event "EIBCC 2019"]
[Site "Tallinn"]
[Date "2019.12.07"]
[Round "19.19"]
[White "Ziska, Helgi Dam"]
[Black "Lobanov, Sergei"]
[Result "1-0"]
[WhiteElo "2614"]
[BlackElo "2394"]
[Annotator "ChessBase"]
[PlyCount "57"]
[EventDate "2019.12.06"]
[EventType "swiss"]
[EventCountry "EST"]
[SourceTitle "playchess.com"]
[Source "ChessBase"]
[SourceQuality "1"]

1. e4 c6 2. Nc3 d5 3. Nf3 Bg4 4. h3 Bxf3 5. Qxf3 e6 6. g3 Nd7 7. Bg2 g6 8. d4 Bg7 9. Be3 Ne7 10. h4 h5 11. O-O O-O 12. Rfd1 dxe4 13. Nxe4 Nf5 14. Bg5 Qb6 15. c3 a5 16. Rab1 a4 17. Bh3 Qc7 18. Bf4 Qa5 19. Nd6 Nxd6 20. Bxd6 Rfe8 21. c4 Nf6 22. Be5 Nh7 23. Bxg7 Kxg7 24. d5 exd5 25. cxd5 cxd5 26. Rxd5 Qc7 27. Rd7 Qc4 28. b3 axb3 29. axb3 1-0

[Event "EIBCC 2019"]
[Site "Tallinn"]
[Date "2019.12.07"]
[Round "19.20"]
[White "Ladva, Ottomar"]
[Black "Blohberger, Felix"]
[Result "1-0"]
[WhiteElo "2457"]
[BlackElo "2330"]
[Annotator "ChessBase"]
[PlyCount "71"]
[EventDate "2019.12.06"]
[EventType "swiss"]
[EventCountry "EST"]
[SourceTitle "playchess.com"]
[Source "ChessBase"]
[SourceQuality "1"]

1. Nf3 f5 2. d3 Nc6 3. d4 e6 4. g3 Nf6 5. Bg2 Be7 6. O-O O-O 7. c4 d6 8. d5 Ne5 9. dxe6 Bxe6 10. Nd4 Bc8 11. b3 c6 12. Bb2 Bd7 13. Nc3 Qb6 14. e3 Rad8 15. Qc2 g6 16. Rad1 Bc8 17. Nf3 Be6 18. Rd2 Nxf3+ 19. Bxf3 Rd7 20. Rfd1 Rfd8 21. Ne2 Bf7 22. h4 Qc5 23. Bd4 Qa5 24. Bc3 Qc7 25. Nf4 a6 26. Qb2 Ne4 27. Bxe4 fxe4 28. Bf6 b5 29. Bxe7 Rxe7 30. Qf6 bxc4 31. bxc4 Bxc4 32. Rxd6 Rf8 33. Qg5 Bd5 34. R6xd5 cxd5 35. Nxd5 Re5 36. Nxc7 1-0